[Event "Championnat de France des Jeunes - Cadet"]
[Site "Aix les Bains"]
[Date "2009.04.26"]
[Round "9.12"]
[White "Allorant, Adrien"]
[Black "Charrais, Kevin"]
[Result "1-0"]
[WhiteElo "2076"]
[BlackElo "1858"]
[PlyCount "67"]
[EventDate "2009.??.??"]

1. e4 e5 2. Nf3 Nc6 3. Bb5 Bc5 4. O-O d6 5. c3 Bd7 6. d4 exd4 7. cxd4 Bb6 8.
Nc3 Nge7 9. h3 h6 10. Bc4 O-O 11. Be3 Qc8 12. Bb3 Na5 13. Bc2 c6 14. Qe2 Be6
15. d5 Bxe3 16. dxe6 Bc5 17. exf7+ Rxf7 18. Rab1 Bb4 19. Nd1 d5 20. exd5 Nxd5
21. Qe4 Re7 22. Qh7+ Kf8 23. Nh4 Nf4 24. Nf5 Ne6 25. Nxe7 Bxe7 26. Qf5+ Bf6 27.
Qxa5 Nd4 28. Qc5+ Kg8 29. Ne3 Qe8 30. Ng4 Ne2+ 31. Kh1 Bd4 32. Qc4+ Kh8 33.
Rbe1 Bxf2 34. Rxe2 1-0

[Event "Championnat de France des Jeunes - Cadet"]
[Site "Aix les Bains"]
[Date "2009.04.26"]
[Round "9.13"]
[White "Paci, Romain"]
[Black "Masset, Jacques"]
[Result "1-0"]
[WhiteElo "2017"]
[BlackElo "1847"]
[PlyCount "63"]
[EventDate "2009.??.??"]

1. e4 c5 2. Nf3 Nc6 3. Bb5 g6 4. Bxc6 dxc6 5. d3 Bg7 6. h3 Nf6 7. Nc3 O-O 8.
Be3 b6 9. Qd2 c4 10. dxc4 Ba6 11. Qxd8 Rfxd8 12. Nd2 Nd7 13. f4 Nc5 14. Bxc5
bxc5 15. Na4 Bd4 16. Ke2 Rab8 17. c3 Bg7 18. Rab1 e5 19. Nxc5 Bc8 20. fxe5 Bxe5
21. Nf3 Bg7 22. Nd4 Bxd4 23. cxd4 Rxd4 24. b3 Rd8 25. Rhe1 f5 26. e5 Kf7 27.
Rbd1 Re8 28. Kd3 Be6 29. Kc3 Red8 30. Rd6 Rxd6 31. exd6 Re8 32. Re5 1-0

[Event "Championnat de France des Jeunes - Cadet"]
[Site "Aix les Bains"]
[Date "2009.04.26"]
[Round "9.14"]
[White "Martin, Alexandre"]
[Black "Castro, John"]
[Result "0-1"]
[WhiteElo "1817"]
[BlackElo "2085"]
[PlyCount "86"]
[EventDate "2009.??.??"]

1. e4 c5 2. Nf3 Nc6 3. Nc3 g6 4. d4 cxd4 5. Nxd4 Bg7 6. Be3 Nf6 7. f3 O-O 8.
Qd2 d5 9. O-O-O Rb8 10. Be2 e5 11. Nxc6 bxc6 12. exd5 cxd5 13. Nxd5 Nxd5 14.
Qxd5 Qc7 15. Qc4 Qe7 16. Qc5 Qb7 17. b3 Bf5 18. Qd5 Rfc8 19. c4 Qa6 20. Kb2 Bf8
21. Ka1 Rxb3 22. c5 Qxe2 23. Qxb3 Be6 24. Rde1 Qxe1+ 25. Rxe1 Bxb3 26. axb3
Bxc5 27. Rc1 Bd4+ 28. Kb1 Rxc1+ 29. Bxc1 f5 30. Kc2 Kf7 31. Kd3 Ke6 32. f4 Bg1
33. fxe5 Bxh2 34. Be3 a6 35. Kd4 Bxe5+ 36. Kc5 Bc3 37. Kb6 a5 38. Kb5 h5 39.
Bb6 f4 40. Bxa5 Bxa5 41. Kxa5 f3 42. gxf3 h4 43. b4 h3 0-1

[Event "Championnat de France des Jeunes - Cadet"]
[Site "Aix les Bains"]
[Date "2009.04.26"]
[Round "9.1"]
[White "Richard, Emma"]
[Black "Hourlier, Claire"]
[Result "1/2-1/2"]
[WhiteElo "2070"]
[BlackElo "1883"]
[PlyCount "36"]
[EventDate "2009.??.??"]

1. e4 c5 2. Nf3 g6 3. Nc3 Bg7 4. Bc4 Nc6 5. O-O Nf6 6. d3 O-O 7. Bf4 d6 8. h3
a6 9. a4 Bd7 10. Qd2 Qc8 11. Bh6 Rb8 12. Bxg7 Kxg7 13. a5 Na7 14. e5 Ne8 15.
Nd5 Qd8 16. Qc3 Kg8 17. exd6 exd6 18. Rfe1 Be6 1/2-1/2

[Event "Championnat de France des Jeunes - Cadet"]
[Site "Aix les Bains"]
[Date "2009.04.26"]
[Round "9.2"]
[White "Macarry, Elodie"]
[Black "Armas, Lara-Maria"]
[Result "1-0"]
[WhiteElo "1863"]
[BlackElo "1966"]
[PlyCount "77"]
[EventDate "2009.??.??"]

1. e4 c5 2. Nf3 d6 3. c3 Nf6 4. Be2 Nbd7 5. Qc2 Qc7 6. d4 cxd4 7. Nxd4 a6 8.
Nd2 e6 9. Nc4 b5 10. Ne3 Bb7 11. f3 Be7 12. O-O O-O 13. a4 bxa4 14. Qxa4 Nb6
15. Qd1 d5 16. exd5 Nfxd5 17. Nxd5 Nxd5 18. Kh1 Rfd8 19. Qe1 Nf4 20. Be3 Qe5
21. Bxf4 Qxf4 22. Qc1 Qh4 23. f4 Bd6 24. Qe1 Qh6 25. Qg3 Be7 26. Bc4 Kh8 27.
Rae1 Rd6 28. Re2 Re8 29. Nf5 Qf6 30. Nxd6 Bxd6 31. Qg5 Bc8 32. Qxf6 gxf6 33. f5
Kg7 34. fxe6 fxe6 35. Ra1 Re7 36. Ra2 Be5 37. Rd2 Ra7 38. Rd8 Bb7 39. Bxe6 1-0

[Event "Championnat de France des Jeunes - Cadet"]
[Site "Aix les Bains"]
[Date "2009.04.26"]
[Round "9.3"]
[White "Muller, Marion"]
[Black "Forgues, Valerie"]
[Result "1-0"]
[WhiteElo "1896"]
[BlackElo "2037"]
[PlyCount "107"]
[EventDate "2009.??.??"]

1. e4 e5 2. Nf3 Nc6 3. Bc4 Bc5 4. d3 Nf6 5. Nbd2 h6 6. h3 a6 7. Bb3 O-O 8. O-O
d6 9. c3 Ba7 10. Re1 Re8 11. Nf1 Be6 12. Ng3 Qd7 13. Be3 Bxe3 14. Rxe3 d5 15.
Qc2 dxe4 16. dxe4 Rad8 17. Bxe6 Qxe6 18. Ree1 g6 19. b3 Rd7 20. Rad1 Red8 21.
Qc1 Kg7 22. Nh2 h5 23. Nf3 Rd6 24. Nh4 Rxd1 25. Rxd1 Rxd1+ 26. Qxd1 Ne7 27. Qd2
Nh7 28. Kf1 Qd6 29. Qxd6 cxd6 30. Nf3 f6 31. Nd2 d5 32. Ne2 Ng5 33. exd5 Nxd5
34. c4 Nc7 35. Nc3 Nge6 36. Ke1 f5 37. b4 Nd4 38. Kd1 Kf7 39. c5 Ndb5 40. Nxb5
Nxb5 41. Kc1 Ke6 42. Nc4 Nd4 43. Kd2 Kd5 44. Na5 Nc6 45. Nxc6 bxc6 46. Kc3 g5
47. f3 f4 48. Kd3 e4+ 49. fxe4+ Ke5 50. a4 g4 51. hxg4 h4 52. Ke2 Kxe4 53. b5
axb5 54. axb5 1-0

[Event "Championnat de France des Jeunes - Cadet"]
[Site "Aix les Bains"]
[Date "2009.04.26"]
[Round "9.4"]
[White "Vinckier, Delphine"]
[Black "Christophe, Lucie"]
[Result "0-1"]
[WhiteElo "1817"]
[BlackElo "1779"]
[PlyCount "102"]
[EventDate "2009.??.??"]

1. e4 d5 2. exd5 Nf6 3. Bb5+ Bd7 4. Be2 Nxd5 5. d4 Bf5 6. c3 c6 7. Nf3 Nd7 8.
O-O e6 9. Nbd2 Bd6 10. Nc4 Be7 11. Ne3 Bg6 12. c4 N5f6 13. d5 cxd5 14. cxd5
exd5 15. Nxd5 O-O 16. Nxe7+ Qxe7 17. Re1 Qd8 18. Bf4 Qb6 19. b3 Rac8 20. Be3
Qa5 21. Qd4 a6 22. b4 Qd5 23. Red1 Qxd4 24. Nxd4 Be4 25. Rac1 Nd5 26. Bd2 N7f6
27. Nb3 Bc2 28. Re1 Bxb3 29. axb3 Rfe8 30. Bd3 Kf8 31. Kf1 h6 32. h3 Rcd8 33.
Be2 Ne4 34. Red1 Nxd2+ 35. Rxd2 Ne3+ 36. Ke1 Nxg2+ 37. Kd1 Nf4 38. Rxd8 Rxd8+
39. Ke1 Re8 40. Rc2 Nxe2 41. Rxe2 Rxe2+ 42. Kxe2 Ke7 43. Kd3 Kd6 44. f4 Kd5 45.
h4 g6 46. Ke3 b6 47. Kd3 f6 48. Ke3 g5 49. h5 g4 50. Kf2 Ke4 51. Kg3 f5 0-1

[Event "Championnat de France des Jeunes - Cadet"]
[Site "Aix les Bains"]
[Date "2009.04.26"]
[Round "9.5"]
[White "Genzling, Sylvie"]
[Black "Rambourg, Juliette"]
[Result "1-0"]
[WhiteElo "1967"]
[BlackElo "1866"]
[PlyCount "75"]
[EventDate "2009.??.??"]

1. e4 c5 2. Nf3 g6 3. d4 cxd4 4. Nxd4 Nc6 5. Nc3 Bg7 6. Nb3 Bxc3+ 7. bxc3 Nf6
8. Bd3 d5 9. exd5 Qxd5 10. O-O Bf5 11. c4 Qd7 12. Bb2 O-O 13. Nc5 Qc8 14. Qf3
Bxd3 15. cxd3 Nb4 16. Ne4 Nxe4 17. Qxe4 Qc6 18. Qe2 Rad8 19. Rfd1 b5 20. a3 Na6
21. Qxe7 bxc4 22. dxc4 Rde8 23. Qxa7 Qxc4 24. Rac1 Qe2 25. Qd4 f6 26. h3 Qe6
27. Bc3 Qf5 28. Re1 Rxe1+ 29. Rxe1 Rf7 30. a4 Kg7 31. a5 Qc5 32. Qd3 Qc6 33.
Bd2 h6 34. h4 Nc7 35. Ra1 Na6 36. Rb1 Nc7 37. h5 gxh5 38. Qe3 1-0

[Event "Championnat de France des Jeunes - Cadet"]
[Site "Aix les Bains"]
[Date "2009.04.26"]
[Round "9.6"]
[White "Jeannerot, Lea"]
[Black "Anamba-Onana, Marie-Therese"]
[Result "1-0"]
[WhiteElo "1980"]
[BlackElo "1540"]
[PlyCount "75"]
[EventDate "2009.??.??"]

1. Nf3 Nc6 2. b3 Nf6 3. Bb2 d5 4. d4 Bg4 5. e3 e6 6. Bb5 a6 7. Bxc6+ bxc6 8. h3
Bh5 9. g4 Bg6 10. Ne5 Qd6 11. Nd2 Be7 12. h4 h6 13. Nxg6 fxg6 14. Qe2 Nd7 15.
f4 Nb6 16. Qd3 Kf7 17. Nf3 Qd8 18. Ne5+ Kg8 19. Nxg6 Rh7 20. O-O-O Nd7 21. f5
Nf8 22. Ne5 Qd6 23. Rhg1 Bxh4 24. Nf3 Qe7 25. Nxh4 Qxh4 26. Ba3 Qf6 27. fxe6
Nxe6 28. Rdf1 Qd8 29. Rg2 Qd7 30. Rgf2 Re8 31. Qg6 Qd8 32. Qxe6+ Kh8 33. Rf8+
Rxf8 34. Rxf8+ Qxf8 35. Bxf8 g6 36. Qf6+ Kg8 37. Qxg6+ Kxf8 38. Qxh7 1-0

[Event "Championnat de France des Jeunes - Cadet"]
[Site "Aix les Bains"]
[Date "2009.04.26"]
[Round "9.7"]
[White "Garma, Jovanka"]
[Black "Durot, Edwige"]
[Result "1-0"]
[WhiteElo "1747"]
[BlackElo "1764"]
[PlyCount "57"]
[EventDate "2009.??.??"]

1. e4 c5 2. Nf3 e6 3. d4 cxd4 4. Nxd4 a6 5. c4 Nf6 6. Bd3 d6 7. O-O Be7 8. Be3
O-O 9. Nc3 Nbd7 10. f3 Qc7 11. Rc1 Ne5 12. Be2 Bd7 13. b3 Nc6 14. f4 Rad8 15.
Qe1 Qb8 16. h3 Nxd4 17. Bxd4 Bc6 18. Bf3 e5 19. Be3 Rfe8 20. f5 Rf8 21. g4 Ne8
22. g5 f6 23. h4 Rd7 24. Qg3 Bd8 25. Bh5 Qc7 26. Qg4 b6 27. Bg6 Be7 28. Bxh7+
Kh8 29. Qh5 1-0

[Event "Championnat de France des Jeunes - Cadet"]
[Site "Aix les Bains"]
[Date "2009.04.26"]
[Round "9.8"]
[White "Richard, Celine"]
[Black "Dubois, Emmanuelle"]
[Result "1/2-1/2"]
[WhiteElo "1588"]
[BlackElo "1757"]
[PlyCount "120"]
[EventDate "2009.??.??"]

1. e4 c5 2. Nf3 Nc6 3. Bc4 e6 4. O-O g6 5. Nc3 a6 6. d4 cxd4 7. Nxd4 Bg7 8. Nf3
Nge7 9. Re1 b5 10. Bd3 b4 11. Ne2 O-O 12. Nf4 Qc7 13. Rb1 Rd8 14. Be3 d5 15.
exd5 Nxd5 16. Nxd5 Rxd5 17. Qc1 Bb7 18. Be4 Rd7 19. Bf4 Qc8 20. Bxc6 Qxc6 21.
a3 bxa3 22. bxa3 Rc8 23. Re2 Qc4 24. Rd2 Rxd2 25. Qxd2 Bxf3 26. gxf3 e5 27. Bg3
h5 28. Rb4 Qc6 29. Qe2 f6 30. f4 Re8 31. fxe5 fxe5 32. Qc4+ Qe6 33. Ra4 Qxc4
34. Rxc4 g5 35. h4 g4 36. Rc6 Ra8 37. c4 a5 38. a4 Rb8 39. Rc5 Rb4 40. Rxa5
Rxc4 41. Bxe5 Bxe5 42. Rxe5 Rxa4 43. Rxh5 Kf7 44. Kg2 Kg6 45. Rg5+ Kh6 46. Kg3
Ra3+ 47. Kxg4 Ra2 48. f4 Rg2+ 49. Kf5 Ra2 50. h5 Ra4 51. Kg4 Ra6 52. Re5 Rb6
53. Kf3 Rb3+ 54. Ke4 Rh3 55. Kd5 Rh4 56. f5 Rf4 57. Re6+ Kxh5 58. f6 Kg6 59.
Kd6 Rxf6 60. Rxf6+ Kxf6 1/2-1/2

[Event "Championnat de France des Jeunes - Cadet"]
[Site "Aix les Bains"]
[Date "2009.04.26"]
[Round "9.9"]
[White "Jolly, Marie"]
[Black "Gudefin, Marine"]
[Result "1-0"]
[WhiteElo "1738"]
[BlackElo "1399"]
[PlyCount "55"]
[EventDate "2009.??.??"]

1. d4 d5 2. c4 Nf6 3. Nc3 e6 4. Bg5 Be7 5. Nf3 O-O 6. e3 Nc6 7. a3 h6 8. Bh4
Ne4 9. Bxe7 Nxe7 10. Rc1 c6 11. Bd3 Nd6 12. c5 Ndf5 13. g4 Nxe3 14. fxe3 b6 15.
cxb6 Qxb6 16. Qe2 Rb8 17. Rc2 Qb3 18. g5 h5 19. Ne5 Qa2 20. Nxa2 Rb6 21. Qxh5
g6 22. Qg4 Ba6 23. Bxa6 Rxa6 24. h4 Nf5 25. Kd2 Rb6 26. h5 Kg7 27. hxg6 Kg8 28.
Qh3 1-0

[Event "Championnat de France des Jeunes - Cadet"]
[Site "Aix les Bains"]
[Date "2009.04.26"]
[Round "9.10"]
[White "Bruckert, Emma"]
[Black "Rascle, Adeline"]
[Result "0-1"]
[WhiteElo "1380"]
[BlackElo "1620"]
[PlyCount "70"]
[EventDate "2009.??.??"]

1. e4 e5 2. Nf3 Nc6 3. d4 exd4 4. Nxd4 Nf6 5. Nc3 d6 6. Bf4 Ne5 7. Nf3 Bg4 8.
Be2 Nxf3+ 9. Bxf3 Bxf3 10. Qxf3 Qe7 11. Bg5 h6 12. Nd5 Qxe4+ 13. Qxe4+ Nxe4 14.
Nxc7+ Kd7 15. Nxa8 Nxg5 16. O-O-O Be7 17. Nc7 Kxc7 18. Rhe1 Ne6 19. b4 Rc8 20.
Kb2 Bf6+ 21. Kb3 Kd7 22. Rd2 Bc3 23. Red1 Bxd2 24. Rxd2 Ke7 25. Re2 Kf8 26. c3
Rd8 27. Rd2 d5 28. g3 Nc7 29. c4 dxc4+ 30. Kc3 Nb5+ 31. Kc2 Na3+ 32. Kc1 Rxd2
33. Kxd2 Nb5 34. Kc1 Ke7 35. a4 Nd6 0-1

[Event "Championnat de France des Jeunes - Cadet"]
[Site "Aix les Bains"]
[Date "2009.04.26"]
[Round "9.11"]
[White "Argente, Lucie"]
[Black "Hedouin, Priscillia"]
[Result "0-1"]
[WhiteElo "1400"]
[BlackElo "1640"]
[PlyCount "44"]
[EventDate "2009.??.??"]

1. d4 e6 2. e4 d5 3. Nc3 Bb4 4. Bd2 c5 5. dxc5 Bxc5 6. exd5 exd5 7. Qe2+ Be7 8.
O-O-O Be6 9. Qe5 Bf6 10. Qe1 Ne7 11. Bf4 Ng6 12. Bxb8 Rxb8 13. Bb5+ Kf8 14. a3
a6 15. Ba4 Rc8 16. Kb1 Qb6 17. Nge2 Kg8 18. Ka1 h6 19. g3 Ne5 20. Nd4 Nc4 21.
Nb3 Nxa3 22. bxa3 Bxc3+ 0-1

[Event "Championnat de France des Jeunes - Minim"]
[Site "Aix les Bains"]
[Date "2009.04.26"]
[Round "9.1"]
[White "Ider, Borya"]
[Black "Manoeuvre, Antoine"]
[Result "1/2-1/2"]
[WhiteElo "2176"]
[BlackElo "2150"]
[PlyCount "27"]
[EventDate "2009.??.??"]

1. d4 Nf6 2. c4 g6 3. Nc3 Bg7 4. e4 d6 5. h3 O-O 6. Bg5 c5 7. d5 a6 8. a4 Qa5
9. Qd2 b5 10. cxb5 axb5 11. Bxb5 Ba6 12. Rc1 Bxb5 13. axb5 Qb4 14. Bxf6 1/2-1/2

[Event "Championnat de France des Jeunes - Minim"]
[Site "Aix les Bains"]
[Date "2009.04.26"]
[Round "9.2"]
[White "Sochacki, Christophe"]
[Black "Grandadam, Nicolas"]
[Result "1-0"]
[WhiteElo "2250"]
[BlackElo "2133"]
[PlyCount "69"]
[EventDate "2009.??.??"]

1. e4 c5 2. Nf3 e6 3. d4 cxd4 4. Nxd4 a6 5. Nc3 Qc7 6. Be2 Nf6 7. O-O Be7 8. f4
d6 9. Qd3 Nbd7 10. Kh1 b6 11. Qg3 Bb7 12. Bf3 h5 13. Bd2 h4 14. Qh3 Rb8 15.
Rae1 Qc4 16. Be3 b5 17. a3 g6 18. Nb3 Qc7 19. Re2 Nh5 20. f5 gxf5 21. exf5 e5
22. Rd1 Nhf6 23. g4 Nh7 24. Red2 Nb6 25. Na5 Bxf3+ 26. Qxf3 d5 27. Bxb6 Qxb6
28. Nxd5 Qxa5 29. Nxe7 Kxe7 30. Rd7+ Kf8 31. Qd5 Ng5 32. Qxe5 Kg8 33. Qf6 Re8
34. Qxg5+ Kf8 35. Rxf7+ 1-0

[Event "Championnat de France des Jeunes - Minim"]
[Site "Aix les Bains"]
[Date "2009.04.26"]
[Round "9.3"]
[White "Song, Julien"]
[Black "Velten, Paul"]
[Result "1-0"]
[WhiteElo "2318"]
[BlackElo "2129"]
[PlyCount "207"]
[EventDate "2009.??.??"]

1. d4 d5 2. Nf3 Nf6 3. c4 c6 4. e3 Bg4 5. Nc3 e6 6. Qb3 Qb6 7. Nh4 Be7 8. h3
Bh5 9. g4 Bg6 10. Nxg6 hxg6 11. Bg2 Nbd7 12. Bd2 O-O-O 13. cxd5 exd5 14. Qc2
Kb8 15. b4 Bxb4 16. Rb1 Bxc3 17. Rxb6 Bxd2+ 18. Qxd2 axb6 19. O-O Rhe8 20. f3
Re7 21. e4 Rde8 22. e5 Nh7 23. f4 f6 24. h4 Nhf8 25. Rf3 Ne6 26. Ra3 b5 27. f5
gxf5 28. gxf5 Nxd4 29. e6 Nxe6 30. fxe6 Rxe6 31. Bh3 R6e7 32. Bxd7 Rxd7 33.
Qf4+ Re5 34. Re3 d4 35. Rxe5 fxe5 36. Qxe5+ Kc8 37. Kf1 d3 38. Ke1 d2+ 39. Kd1
Kd8 40. Qb8+ Ke7 41. Qc8 Ke6 42. Qe8+ Kd6 43. Kxd2 Kc7+ 44. Kc3 Rd5 45. Qf8 Rd7
46. a3 Kb6 47. Qc8 Rf7 48. Qd8+ Ka6 49. Qd4 Rf3+ 50. Kb2 Rf7 51. a4 Rf6 52. Qg4
g6 53. axb5+ cxb5 54. Kb3 Rc6 55. Qg1 Re6 56. Qg2 Rc6 57. Qf2 Rc4 58. Qg3 Rc6
59. Qd3 Kb6 60. Qd4+ Ka6 61. Qg1 Re6 62. Kc3 Rc6+ 63. Kd3 b4 64. Kd4 Kb5 65.
Qf1+ Ka5 66. Qa1+ Kb5 67. Qa2 Rd6+ 68. Ke5 Rc6 69. Kd5 Rc5+ 70. Kd4 Rc6 71.
Qd5+ Kb6 72. Ke4 Ka6 73. Qg8 Kb6 74. Kd4 Ka6 75. Qa8+ Kb6 76. Qa4 Kc7 77. Qxb4
Kb8 78. Kd5 Kc7 79. Qe7+ Kb6 80. Qd8+ Ka6 81. Qa8+ Kb6 82. Qa4 Kc7 83. Qb5 Rd6+
84. Ke5 Rc6 85. Qa5+ Kc8 86. Kf4 Kd7 87. Kg5 Kc8 88. Kh6 Kb8 89. Kg7 Kc8 90.
Kf7 Kb8 91. Ke7 Rc7+ 92. Kd8 Rc8+ 93. Kd7 Rc6 94. Qb5 Ra6 95. Qe5+ Ka7 96. Qc7
Ka8 97. Qc5 Kb8 98. Qe5+ Ka7 99. Qe3+ Kb8 100. Qe8+ Ka7 101. Kc7 Rc6+ 102. Qxc6
bxc6 103. Kxc6 Kb8 104. Kd7 1-0

[Event "Championnat de France des Jeunes - Minim"]
[Site "Aix les Bains"]
[Date "2009.04.26"]
[Round "9.4"]
[White "Divine, Armand"]
[Black "Nguyen, Vincent"]
[Result "0-1"]
[WhiteElo "2018"]
[BlackElo "2058"]
[PlyCount "48"]
[EventDate "2009.??.??"]

1. e4 e6 2. d4 d5 3. e5 c5 4. Nf3 Nc6 5. Bd3 cxd4 6. O-O Bd7 7. Nbd2 Nge7 8.
Nb3 Ng6 9. Re1 Qb6 10. h4 Bb4 11. Bd2 O-O-O 12. h5 Bxd2 13. Qxd2 Nge7 14. Ng5
Rdf8 15. Nxh7 Rfg8 16. Qf4 Nf5 17. Ng5 Nce7 18. Nxf7 g5 19. hxg6 Nxg6 20. Qg5
Nxe5 21. Qf6 Nxf7 22. Qxf7 Qd6 23. Nd2 Qh2+ 24. Kf1 Rf8 0-1

[Event "Championnat de France des Jeunes - Minim"]
[Site "Aix les Bains"]
[Date "2009.04.26"]
[Round "9.5"]
[White "Netzer, Jacques"]
[Black "Domenech, Vianney"]
[Result "1-0"]
[WhiteElo "2139"]
[BlackElo "1987"]
[PlyCount "109"]
[EventDate "2009.??.??"]

1. e4 d5 2. exd5 Qxd5 3. Nc3 Qa5 4. Bc4 Nf6 5. d3 Bg4 6. f3 Bd7 7. f4 Nc6 8.
Nf3 Bg4 9. b3 Qh5 10. O-O Bxf3 11. Qxf3 Qxf3 12. Rxf3 Nd4 13. Rf2 e6 14. Ne4
Nxe4 15. dxe4 Bc5 16. Be3 O-O-O 17. Re1 Be7 18. g3 a6 19. a4 b5 20. Bf1 c6 21.
Kg2 Kb7 22. Rd2 e5 23. fxe5 Ne6 24. Red1 Rxd2+ 25. Rxd2 Rd8 26. Rf2 Rf8 27. h3
Nc5 28. axb5 axb5 29. Bd3 Kc7 30. Rf1 Kb7 31. Rf5 g6 32. Rf1 Nd7 33. Bh6 Re8
34. Bg7 Bf8 35. Rxf7 Re7 36. Rxe7 Bxe7 37. h4 Kb6 38. Kh3 Kc7 39. g4 Kd8 40. g5
Ke8 41. Kg4 Kf7 42. Bf6 Bf8 43. Kf4 Ke6 44. Be2 Kf7 45. Bg4 Nc5 46. Bc8 Ne6+
47. Ke3 Bc5+ 48. Kd3 Bf2 49. Kc3 Bxh4 50. Bxe6+ Kxe6 51. Kb4 h5 52. gxh6 Bxf6
53. exf6 Kxf6 54. e5+ Kf7 55. e6+ 1-0

[Event "Championnat de France des Jeunes - Minim"]
[Site "Aix les Bains"]
[Date "2009.04.26"]
[Round "9.6"]
[White "Dubessay, Bastien"]
[Black "Pilte, Nicolas"]
[Result "0-1"]
[WhiteElo "2134"]
[BlackElo "1974"]
[PlyCount "78"]
[EventDate "2009.??.??"]

1. d4 Nf6 2. c4 g6 3. Nc3 Bg7 4. e4 d6 5. f3 O-O 6. Bg5 Nc6 7. Qd2 e5 8. d5 Ne7
9. Nge2 h5 10. h3 Nh7 11. Bh6 f5 12. Bxg7 Kxg7 13. exf5 Nxf5 14. O-O-O a6 15.
g4 Nh4 16. Ne4 Nxf3 17. Qe3 Nhg5 18. N2c3 b5 19. h4 Nxe4 20. Nxe4 Bxg4 21. Be2
Qd7 22. Rhf1 Nd4 23. Rxd4 Bxe2 24. Qxe2 Rxf1+ 25. Qxf1 Qf5 26. Qxf5 gxf5 27.
Rd2 fxe4 28. Rg2+ Kf6 29. Rf2+ Kg6 30. Kd2 bxc4 31. Ke3 Kg7 32. Rc2 Rf8 33.
Rxc4 Rf3+ 34. Kxe4 Rf4+ 35. Kd3 Rxc4 36. Kxc4 Kf6 37. b4 e4 38. Kd4 e3 39. Kxe3
Ke5 0-1

[Event "Championnat de France des Jeunes - Minim"]
[Site "Aix les Bains"]
[Date "2009.04.26"]
[Round "9.7"]
[White "Fevre, Mathieu"]
[Black "Samoun, Florent"]
[Result "0-1"]
[WhiteElo "2065"]
[BlackElo "2045"]
[PlyCount "78"]
[EventDate "2009.??.??"]

1. Nf3 d5 2. b3 Nf6 3. Bb2 c5 4. e3 e6 5. Ne5 Bd6 6. d4 O-O 7. Bd3 b6 8. Qe2
Bb7 9. O-O Nc6 10. a3 Qc7 11. f4 Ne4 12. Nd2 Ne7 13. g4 f6 14. Nef3 Rae8 15. g5
Kh8 16. Qg2 c4 17. bxc4 Nxd2 18. Qxd2 dxc4 19. Be2 Nd5 20. Bc3 a5 21. h4 Ra8
22. a4 Bb4 23. Bxb4 axb4 24. Nh2 c3 25. Qc1 Bc6 26. e4 Ne7 27. Bd3 Rxa4 28.
Rxa4 Bxa4 29. Qd1 Qd6 30. Qh5 Qxd4+ 31. Rf2 Be8 32. Qf3 f5 33. h5 Bc6 34. h6
fxe4 35. hxg7+ Kxg7 36. Qh5 exd3 37. Qh6+ Kf7 38. Ng4 d2 39. Ne5+ Ke8 0-1

[Event "Championnat de France des Jeunes - Minim"]
[Site "Aix les Bains"]
[Date "2009.04.26"]
[Round "9.8"]
[White "Muheim, Sebastien"]
[Black "Di Nicolantonio, Lucas"]
[Result "0-1"]
[WhiteElo "2031"]
[BlackElo "2064"]
[PlyCount "76"]
[EventDate "2009.??.??"]

1. d4 Nf6 2. c4 e5 3. dxe5 Ng4 4. Bf4 Nc6 5. Nf3 Bb4+ 6. Nc3 Bxc3+ 7. bxc3 Qe7
8. Qd5 f6 9. exf6 Nxf6 10. Qd3 d6 11. g3 O-O 12. Bg2 Bg4 13. O-O Rae8 14. Rae1
Kh8 15. Bg5 Qf7 16. Bxf6 Qxf6 17. Nd2 Be6 18. f4 Na5 19. Kh1 c6 20. Ne4 Qe7 21.
Nxd6 Rd8 22. c5 b6 23. Qa6 Qc7 24. Rb1 Rb8 25. e4 Bxa2 26. Ra1 Bg8 27. Rxa5
bxa5 28. c4 Rb4 29. e5 Rfb8 30. f5 Rb1 31. e6 Rxf1+ 32. Bxf1 Rb1 33. Kg1 g6 34.
f6 Bxe6 35. Kf2 Qd8 36. Qxc6 Qxf6+ 37. Ke3 Rxf1 38. Qe8+ Bg8 0-1

[Event "Championnat de France des Jeunes - Minim"]
[Site "Aix les Bains"]
[Date "2009.04.26"]
[Round "9.9"]
[White "Brunier, Jules"]
[Black "Harnik, Cecilien"]
[Result "1-0"]
[WhiteElo "2004"]
[BlackElo "1910"]
[PlyCount "59"]
[EventDate "2009.??.??"]

1. e4 e6 2. d4 d5 3. Nd2 Nf6 4. e5 Nfd7 5. Bd3 c5 6. c3 Nc6 7. Ne2 cxd4 8. cxd4
f6 9. Nf4 Nxd4 10. Qh5+ Ke7 11. Ng6+ hxg6 12. exf6+ Nxf6 13. Qxh8 Kf7 14. O-O
e5 15. Nf3 Nxf3+ 16. gxf3 Nh5 17. Be3 Qf6 18. Rfc1 Qxf3 19. Rc7+ Ke6 20. Rac1
Bd7 21. Qg8+ Kd6 22. Rxd7+ Kxd7 23. Bb5+ Kd6 24. Bc5+ Kc7 25. Bxf8+ Kb6 26.
Qe6+ Ka5 27. b4+ Kxb5 28. Qd7+ Kb6 29. Qc7+ Kb5 30. Qa5# 1-0

[Event "Championnat de France des Jeunes - Minim"]
[Site "Aix les Bains"]
[Date "2009.04.26"]
[Round "9.10"]
[White "Meley, Hector"]
[Black "Billon, Olivier"]
[Result "0-1"]
[WhiteElo "1889"]
[BlackElo "1995"]
[PlyCount "84"]
[EventDate "2009.??.??"]

1. d4 Nf6 2. Nf3 g6 3. c4 Bg7 4. Nc3 O-O 5. e4 d6 6. Be2 e5 7. O-O Nc6 8. d5
Ne7 9. Ne1 Nd7 10. Be3 f5 11. f3 f4 12. Bf2 g5 13. b4 a5 14. Qb3 Nf6 15. c5 Ng6
16. bxa5 g4 17. cxd6 cxd6 18. Qb6 Qe7 19. Rc1 g3 20. hxg3 Nh5 21. gxf4 Ngxf4
22. Bb5 Qg5 23. Rc2 Bf6 24. Ne2 Nxg2 25. Nxg2 Bh3 26. Ng3 Nxg3 27. Be3 Qg6 28.
Rfc1 Nh5 29. Kh1 Rac8 30. Bf1 Ng3+ 31. Kg1 Nxf1 32. Kxf1 Rxc2 33. Rxc2 Bd8 34.
Qb3 Rxf3+ 35. Kg1 Rg3 36. Qb2 Rxe3 37. Qxb7 Qg3 38. Qb4 Kh8 39. Kf1 Rd3 40. Qe1
Bxg2+ 41. Rxg2 Rf3+ 42. Rf2 Rxf2+ 0-1

[Event "Championnat de France des Jeunes - Minim"]
[Site "Aix les Bains"]
[Date "2009.04.26"]
[Round "9.11"]
[White "Bertrand, Quentin"]
[Black "Palacios-Aguilar, Diego-Andre"]
[Result "1-0"]
[WhiteElo "1992"]
[BlackElo "1862"]
[PlyCount "43"]
[EventDate "2009.??.??"]

1. e4 e5 2. Nf3 Nc6 3. Nc3 Bc5 4. Nxe5 Bxf2+ 5. Kxf2 Nxe5 6. d4 Ng6 7. Bc4 Qf6+
8. Kg1 N8e7 9. h3 O-O 10. Kh2 Qc6 11. Bb3 b5 12. Nd5 Nxd5 13. Bxd5 Qd6+ 14. g3
c6 15. Bb3 Bb7 16. Rf1 Rae8 17. e5 Qe7 18. Qg4 c5 19. Bg5 Nxe5 20. dxe5 Qxe5
21. Rf2 Qxb2 22. Bf6 1-0

[Event "Championnat de France des Jeunes - Minim"]
[Site "Aix les Bains"]
[Date "2009.04.26"]
[Round "9.12"]
[White "Mouhamad, Joachin"]
[Black "Jeannesson, Clement"]
[Result "1/2-1/2"]
[WhiteElo "1978"]
[BlackElo "1842"]
[PlyCount "116"]
[EventDate "2009.??.??"]

1. e4 c5 2. b4 d6 3. Nf3 Nf6 4. bxc5 Nxe4 5. cxd6 e6 6. Bd3 Nf6 7. O-O Bxd6 8.
Nc3 O-O 9. Qe2 Nc6 10. Ne4 Nxe4 11. Bxe4 Bd7 12. Rb1 Rb8 13. Qd3 f5 14. Qxd6
fxe4 15. Ne5 Nxe5 16. Qxe5 Bc6 17. Ba3 Rf6 18. Be7 Qxe7 19. Qxb8+ Rf8 20. Qxa7
Qg5 21. Qe3 Qd5 22. Rb4 Rd8 23. Re1 Qxd2 24. Qxd2 Rxd2 25. Rc4 e3 26. f3 e2 27.
Kf2 Bb5 28. Rc8+ Kf7 29. c4 Bc6 30. Rxe2 Rd4 31. Rc2 e5 32. Ra8 e4 33. a4 exf3
34. gxf3 Rd3 35. a5 Rxf3+ 36. Ke1 Ra3 37. Kd2 g5 38. Rb2 Rh3 39. Kc1 Be4 40.
Rc8 Kg6 41. c5 Re3 42. Rb6+ Kh5 43. a6 bxa6 44. c6 Rc3+ 45. Kd1 a5 46. Kd2 Rc5
47. Ke3 Rc4 48. Rf8 Rxc6 49. Rxc6 Bxc6 50. Kf2 a4 51. Rf6 Bd5 52. Ra6 Bb3 53.
Ke3 h6 54. Kd2 g4 55. Ke3 Kg5 56. Kf2 h5 57. Ke3 Kh4 58. Ra5 g3 1/2-1/2

[Event "Championnat de France des Jeunes - Minim"]
[Site "Aix les Bains"]
[Date "2009.04.26"]
[Round "9.13"]
[White "Botto, Julien"]
[Black "Hallope, Arnaud"]
[Result "0-1"]
[WhiteElo "1923"]
[BlackElo "1799"]
[PlyCount "48"]
[EventDate "2009.??.??"]

1. e4 c6 2. d4 d5 3. Nc3 dxe4 4. Nxe4 Nf6 5. Nxf6+ gxf6 6. Bf4 Bf5 7. Qd2 e6 8.
O-O-O Qb6 9. Bd3 Bg6 10. Nf3 Nd7 11. h4 O-O-O 12. h5 Bxd3 13. Qxd3 Qa5 14. Kb1
Nb6 15. c4 Nxc4 16. Bg3 Nb6 17. Nd2 Qb4 18. Ne4 f5 19. Ng5 Rd7 20. Qe3 Nc4 21.
Qe2 Bg7 22. Be5 Bxe5 23. dxe5 Rhd8 24. b3 Na3+ 0-1